00365nam a2200133Ia 4500008004100000041000800041082001700049100001900066245004500085250001400130260004400144300003200188365001100220240624s9999 xx 000 0 und d aeng a658.4038 JES aJESSUP LEONARD aINFORMATION SYSTEMS TODAY MANAGING IN TH a(3rd ed.) c2009aNew DelhibPrentice-Hall of India axxvi, : 598 : p. : cm. ; 28 cRSb35